Państwa w Afryce - nagła śmierć - Statystyki

Ogólne statystyki
  • Ten quiz został rozwiązany 233 razy
  • Średni wynik to 11 z 14
Answers on the Grid
Answers color-coded by a green-red scale on the quiz's grid according to % correct below.
Kazachstan
Barbados
Angola
Kenia
Botswana
Meksyk
Kamerun
Seszele
Kambodża
Mali
Nikaragua
Liberia
Gujana
Dżibuti
Gwatemala
Gambia
Komory
Surinam
Somalia
Salwador
Filipiny
Tanzania
Liban
Rwanda
Mongolia
Mołdawia
Madagaskar
Nowa Zelandia
 
Statystyki odpowiedzi
Odpowiedź % Poprawnych
Kenia
94%
Kamerun
89%
Mali
87%
Angola
85%
Botswana
82%
Gambia
80%
Somalia
80%
Seszele
73%
Tanzania
73%
Madagaskar
70%
Dżibuti
68%
Liberia
67%
Rwanda
67%
Komory
66%
Nie znaleziono quizów pasujących do podanych kryteriów
Rozkład punktacji
Procent ludzi z każdym wynikiem
Percentyl według liczby udzielonych odpowiedzi
Twoja historia wyników
Nie rozwiązałeś tego quizu